Martin Luther and Mahatma Gandhi: A Paradigm for social change (Record no. 22687)
[ view plain ]
| 000 -LEADER | |
|---|---|
| fixed length control field | 00523nam a22001337a 4500 |
| 082 ## - DEWEY DECIMAL CLASSIFICATION NUMBER | |
| Classification number | 305.80954 |
| Author Cutter | CHR |
| 100 ## - MAIN ENTRY--AUTHOR NAME | |
| Author name | M Christhudhas |
| 245 ## - TITLE STATEMENT | |
| Title | Martin Luther and Mahatma Gandhi: A Paradigm for social change |
| 260 ## - PUBLICATION, DISTRIBUTION, ETC. (IMPRINT) | |
| Place of publication | Delhi |
| Name of publisher | Indian Society for Promoting Christian Knowledge |
| Year of publication | 2018. |
| 300 ## - PHYSICAL DESCRIPTION | |
| Number of Pages | 204 |
| 650 ## - SUBJECT ADDED ENTRY--TOPICAL TERM | |
| Topical Term | King, Martin Luther, -- Jr., -- 1929-1968 -- Political and social views |
| -- | Gandhi, -- Mahatma, -- 1869-1948 -- Political and social views. |
| -- | Gandhi, -- Mahatma, -- 1869-1948. |
| 942 ## - ADDED ENTRY ELEMENTS (KOHA) | |
| Koha item type | Books |
| Home library | Current library | Shelving location | Date acquired | Cost, normal purchase price | Accession Number | Koha item type |
|---|---|---|---|---|---|---|
| Henry Martyn Institute Library | Henry Martyn Institute Library | General stacks | 07/01/2019 | 375.00 | 11-4065 | Books |
